• 首页
  • 本馆介绍
  • 公告通知
  • 最新文献
  • 馆藏检索
  • 电子资源
  • 读者导购
  • 参考咨询
  • 我的图书馆
  • 登录
  • 详细信息显示
  • 放入我的书架
  • 预约/预借图书
  • 作者相关作品
  • 分类相关作品
  • 丛书相关作品
  • 出版社相关作品

书目信息

  • 表格格式
  • 工作单格式
  • 卡片格式
题名:
混沌与均衡纵横谈
    
 
作者: 梁美灵 , 王则柯 著
分册:  
出版信息: 大连   大连理工大学出版社  2008
页数: 11,270页
开本: 21cm
丛书名: 数学科学文化理念传播丛书
单 册:
中图分类: O415.5 , F019.1
科图分类:
主题词: 混沌学--研究 , 一般均衡论--研究 , 混沌学 , 一般均衡论
电子资源:
ISBN: 978-7-5611-4081-9
000 01146oam2 2200313 45
005 20100303153825.79
010    @a978-7-5611-4081-9@dCNY24.00
100    @a20100120d2008 ekmy0chiy0120 ea
101 0  @achi
102    @aCN@b210000
105    @ay z 000yy
106    @ar
200 1  @a混沌与均衡纵横谈@AHun Dun Yu Jun Heng Zong Heng Tan@dTalks on chaos theory and economic equilibrium@f梁美灵,王则柯著@FLiang Mei Ling, Wang Ze Ke Zhu@zeng
210    @a大连@c大连理工大学出版社@d2008
215    @a11,270页@d21cm
225 2  @a数学科学文化理念传播丛书@h第一辑@v05
330    @a本书围绕混沌理论和经济均衡理论计算方法,着重介绍了李天岩、约克、梅、斯卡夫、菲根鲍姆、斯梅尔等学者近年来在科学上所作的贡献。
461  0 @12001 @a数学科学文化理念传播丛书@h第一辑@v05
510 1  @aTalks on chaos theory and economic equilibrium@zeng
606 0  @a混沌学@x研究
606 0  @a一般均衡论@x研究
606 0  @a混沌学
606 0  @a一般均衡论
690    @aO415.5@v4
690    @aF019.1@v4
701  0 @a梁美灵@ALiang Mei Ling@4著
701  0 @a王则柯@AWang Ze Ke@4著
801  0 @aCN@bTANGWEI@c20100303
905    @b0584385-88@dO415.5@e93@f4
    
    混沌与均衡纵横谈=Talks on chaos theory and economic equilibrium/梁美灵,王则柯著.-大连:大连理工大学出版社,2008
    11,270页;21cm.-(数学科学文化理念传播丛书.第一辑;05)
    
    
    ISBN 978-7-5611-4081-9:CNY24.00
    本书围绕混沌理论和经济均衡理论计算方法,着重介绍了李天岩、约克、梅、斯卡夫、菲根鲍姆、斯梅尔等学者近年来在科学上所作的贡献。
●
相关链接 在E读中查询图书 在五车中查询图书 在当当中查询图书 在豆瓣中查询图书


正题名:混沌与均衡纵横谈     索取号:O415.5/93         预约/预借

序号 登录号 条形码 馆藏地/架位号 状态 备注
1 0584385   205843854   第二样本阅览室/ [索取号:O415.5/93] 在馆    
2 0584386   205843863   第三借阅区/ [索取号:O415.5/93] 在馆    
3 0584387   205843872   第三借阅区/ [索取号:O415.5/93] 在馆    
4 0584388   205843881   第三借阅区/ [索取号:O415.5/93] 在馆    
唐山师范学院图书馆 欢迎您!
大连网信软件有限公司© 版权所有